000 00448nam a2200181 a 4500
001 1767587676987
003 YourLibrary
005 20260105104547.0
008 260105s2009##################000#0#eng##
020 _a9789380252643
082 0 4 _a300
_bJOT
100 1 _aJothi, Arul,
_eauthor.
245 1 0 _aTeaching Of Social Sciences-I :
260 _c2009.
300 _a352 pages
942 _cENGLISH
040 _aYourLibrary
_beng
_cYourLibrary
999 _c607295
_d607295